ZTM Linia 232>Gliwice Europa Centralna - Statystyki

Ogólne statystyki
  • Ten quiz został rozwiązany 14 razy
    13 od ostatniego zresetowania
  • Średni wynik to 10 z 16
Statystyki odpowiedzi
Miasto Przystanek % Poprawnych
Gliwice Gliwice Europa Centralna
100%
Gliwice Gliwice Europa Centralna
100%
Gliwice Gliwice Plac Piastów
90%
Gliwice Gliwice Komag
70%
Gliwice Gliwice Komag
70%
Gliwice Gliwice Strzody
70%
Gliwice Gliwice Górna
60%
Gliwice Gliwice Górna
60%
Gliwice Gliwice Wrocławska
60%
Gliwice Gliwice Jacka
50%
Gliwice Gliwice Jacka
50%
Gliwice Gliwice Kopalniana
50%
Gliwice Gliwice Kopalniana
50%
Gliwice Gliwice Mikołowska
50%
Gliwice Gliwice Okrężna
40%
Gliwice Gliwice Okrężna
40%
Nie znaleziono quizów pasujących do podanych kryteriów
Rozkład punktacji
Procent ludzi z każdym wynikiem
Percentyl według liczby udzielonych odpowiedzi
Twoja historia wyników
Nie rozwiązałeś tego quizu od ostatniego zresetowania